Polscy Nobliści - Nagła Śmierć - Statystyki

Ogólne statystyki
  • Ten quiz został rozwiązany 298 razy
  • Średni wynik to 5 z 6
Answers on the Grid
Answers color-coded by a green-red scale on the quiz's grid according to % correct below.
Stanisław Lem
Ignacy Łukasiewicz
Wisława Szymborska
Eliza Orzeszkowa
Maria Skłodowska-Curie
Adam Mickiewicz
Kazimierz Funk
Jan Paweł II
Henryk Sienkiewicz
Juliusz Słowacki
Jacek Kuroń
Lech Wałęsa
Olga Tokarczuk
Andrzej Sapkowski
Bolesław Prus
Ernest Malinowski
Józef Piłsudski
Władysław Reymont
Adam Michnik
Władysław Anders
 
Statystyki odpowiedzi
Odpowiedź % Poprawnych
Wisława Szymborska
94%
Maria Skłodowska-Curie
89%
Lech Wałęsa
81%
Olga Tokarczuk
76%
Henryk Sienkiewicz
71%
Władysław Reymont
63%
Nie znaleziono quizów pasujących do podanych kryteriów
Rozkład punktacji
Procent ludzi z każdym wynikiem
Percentyl według liczby udzielonych odpowiedzi
Twoja historia wyników
Nie rozwiązałeś tego quizu